Nitric oxide signalling in higher plants (Record no. 42637)
[ view plain ]
| 000 -LEADER | |
|---|---|
| fixed length control field | 00323nam a2200121Ia 4500 |
| 020 ## - INTERNATIONAL STANDARD BOOK NUMBER | |
| ISBN | 0976184923 |
| 082 ## - DEWEY DECIMAL CLASSIFICATION NUMBER | |
| Classification number | 577.2:546.172.6 |
| Item number | MAG |
| 100 ## - MAIN ENTRY--AUTHOR NAME | |
| Personal name | Magalhaes, Jose R |
| 245 #0 - TITLE STATEMENT | |
| Title | Nitric oxide signalling in higher plants |
| 260 ## - PUBLICATION, DISTRIBUTION, ETC. (IMPRINT) | |
| Place of publication | USA |
| Name of publisher | Stadium Press |
| Year of publication | 2005 |
| 942 ## - ADDED ENTRY ELEMENTS (KOHA) | |
| Koha item type | Books |
| Withdrawn status | Lost status | Damaged status | Not for loan | Home library | Current library | Date acquired | Cost, normal purchase price | Full call number | Accession Number | Koha item type |
|---|---|---|---|---|---|---|---|---|---|---|
| RRII Library | RRII Library | 16/12/2021 | 95.00 | 577.2:546.172.6 MAG | 22906 | Books |